ACM Computing Surveys
Αποθηκεύτηκε σε:
| Προηγούμενος τίτλος: | Computing Surveys |
|---|---|
| Συγγραφή απο Οργανισμό/Αρχή: | |
| Μορφή: | Περιοδική έκδοση |
| Γλώσσα: | English |
| Δημοσίευση: |
New York :
Association for Computing Machinery,
1971-
|
| Θέματα: | |
| Διαθέσιμο Online: | http://portal.acm.org/browse_dl.cfm?linked=1&part=journal&idx=J204&coll=portal&dl=ACM&CFID=6279689&CFTOKEN=93546774 https://dl.acm.org/citation.cfm?id=J204 |
| Ετικέτες: |
Προσθήκη ετικέτας
Δεν υπάρχουν, Καταχωρήστε ετικέτα πρώτοι!
|
MARC
| LEADER | 00000cas a2200000 i 4500 | ||
|---|---|---|---|
| 001 | 1/97801 | ||
| 008 | 000112c19719999us |||||||||||| ||eng|| | ||
| 022 | |a 0360-0300 | ||
| 035 | |l 10056276 | ||
| 040 | |a GR-My-Ua |b gre |e aacr | ||
| 041 | 0 | |a eng | |
| 082 | 0 | |a 651.805 | |
| 210 | 1 | |a ACM comput. surv. | |
| 222 | 0 | |a ACM Computing Surveys | |
| 245 | 1 | 0 | |a ACM Computing Surveys |h [περιοδικό] / |c Association for Computing Machinery. |
| 246 | 3 | 3 | |a Computing surveys of ACM |
| 260 | |a New York : |b Association for Computing Machinery, |c 1971- | ||
| 300 | |a τ. : |b εικ. ; |c 26 εκ. | ||
| 310 | |a Τριμηνιαίο. | ||
| 500 | |a Η καταλαγογράφηση βασίστηκε στο τεύχους του περιοδικού (Vol.28, no 3, 1996). | ||
| 500 | |a Το Παράρτημα βιβλιοθήκης Σάμου διαθέτει τα τεύχη: Vol.4:No1(MAR:1972)- Vol. 23:No4 (DEC:1991), τον Vol.26:No.2 (JUN:1994) έως και τον -Vol.27:No.4 (DEC:1995), τον . Vol.28:No.2 (JUN:1996) έως και τον -Vol.34:No.4 (DEC:2000). | ||
| 500 | |a Η συνδρομή είναι διαθέσιμη σε ηλεκτρονική μορφή απο το Παγκόσμιο Πλέγμα Πληροφοριών μέσω του HEALINK. | ||
| 500 | |a Προηγούμενος τίτλος Computing Surveys (United States) μέχρι το 1971 vol.3 : (0010-4892). | ||
| 650 | 0 | 0 | |a Electronic digital computers |x Periodicals. |
| 710 | 2 | |a Association for Computing Machinery. | |
| 780 | 0 | 0 | |i Προηγούμενος τίτλος : |
| 780 | 0 | 0 | |t Computing Surveys |
| 853 | |a INST |b CHIOS |c SER |h 651.8 | ||
| 853 | |a INST |b SAMOS |c SER | ||
| 856 | |u http://portal.acm.org/browse_dl.cfm?linked=1&part=journal&idx=J204&coll=portal&dl=ACM&CFID=6279689&CFTOKEN=93546774 | ||
| 856 | |u https://dl.acm.org/citation.cfm?id=J204 | ||
| 922 | |a 2ΕΛΗ |b 198601 |c ΚΕΝΤΡΙΚΗ ΒΙΒΙΟΘΗΚΗ |d SWETS | ||
| 922 | |a 3ΕΛΗ |b 196103 |c ΚΕΝΤΡΙΚΗ ΒΙΒΛΙΟΘΗΚΗ |d SWETS | ||
| 922 | |a 3ΕΛΗ |b 196103 |c ΚΕΝΤΡΙΚΗ ΒΙΒΛΙΟΘΗΚΗ |d SWETS | ||
| 970 | |a ΧΑΖΙΡΗ |b ΑΝΝΑ |z 2004/02/03 | ||